Statistiques concernant Jujutsu Kaisen : Extensions du territoire

Cliquez ici pour prendre le quiz!

Statistiques générales

  • Ce quiz a été pris 92 fois
  • Le résultat moyen est 8 sur 16

Statistiques - réponses

Réponse% Correct
Gojo
100%
Megumi
89%
Sukuna
89%
Jogo
83%
Mahito
74%
Yuta
66%
Kenjaku
49%
Dagon
47%
hakari
47%
Yuki
30%
Naoya
28%
Hiromi Higuruma
23%
Ryu Ishigori
13%
Takako Uro
9%
Vieille Dame de la Variole
9%
Yorozu
6%

Distribution des résultats

Percentile par nombre de réponses

% des personnes avec chaque résultat

Votre développement - résultats

Vous n’avez pas pris ce quiz